Представление документа в формате MARC21

Поле Инд. ПП Название Значение
Тип записи a
Библиографический уровень b
001 Контрольный номер RU/IS/BASE/130431429
005 Дата корректировки 20200522220240.2
008 Кодируемые данные 19950724
084 a Индекс другой классификации/Индекс ББК 63.3(2)614
a Индекс другой классификации/Индекс ББК 83.3(2=411.2)6; 83.3(2=411.2)53
100 10 a Автор Синицына Ф.
q Полное имя Синицына Фаина
245 11 a Заглавие "Подлежу уничтожению как класс"
b Продолж. заглавия История о "раскулачивании" Максимилиана Волошина
600 14 a Персоналии Волошин Максимилиан Александрович
650 04 a Основная рубрика история
a Основная рубрика история литературы
a Основная рубрика литературоведение
a Основная рубрика филологические науки
653 00 a Ключевые слова XX век
a Ключевые слова Россия
a Ключевые слова русская литература
a Ключевые слова советский период
a Ключевые слова СССР
773 00 t Заглавие источника Родина
d Дата издания источника 1995
g Прочая информация № 2. - С. 58 - 62
w Контрольный № источника RU/IS/BASE/148495110
901 t Тип документа b